[Event "Oberliga Sued W 1314"]
[Site "Germany"]
[Date "2014.04.06"]
[Round "9.2"]
[White "Lang, Torsten"]
[Black "Bureik, Matthias"]
[Result "1-0"]
[WhiteElo "2338"]
[BlackElo "2137"]
[PlyCount "143"]
[EventDate "2013.10.13"]
[EventType "team-tourn"]
[EventRounds "9"]
[EventCountry "GER"]
[SourceTitle "EXT 2015"]
[Source "ChessBase"]
[SourceDate "2014.11.20"]
[SourceVersion "1"]
[SourceVersionDate "2014.11.20"]
[SourceQuality "1"]
[WhiteTeam "Landau"]
[BlackTeam "Schwarzenbach II"]
[WhiteTeamCountry "GER"]
[BlackTeamCountry "GER"]

1. d4 f5 2. g3 Nf6 3. Bg2 g6 4. c3 Bg7 5. Qb3 d5 6. c4 c6 7. Nc3 e6 8. Nf3 Nbd7 9. Bf4 Ne4 10. Rd1 0-0 11. 0-0 h6 12. Ne5 g5 13. Nxd7 Qxd7 14. Be5 Bxe5 15. dxe5 Qg7 16. f4 Kh7 17. e3 Nxc3 18. bxc3 Rb8 19. cxd5 cxd5 20. c4 dxc4 21. Qxc4 gxf4 22. exf4 b5 23. Qc5 Rf7 24. Rd6 Rc7 25. Qe3 Qe7 26. Rfd1 Bb7 27. Qxa7 Ra8 28. Qf2 Bxg2 29. Kxg2 Rca7 30. R1d2 b4 31. Qe2 Qb7+ 32. Kh3 Qf7 33. Qc4 Re8 34. Qxb4 Kg7 35. Kg2 Ree7 36. a4 Qe8 37. R6d4 Qa8+ 38. Kh3 Qf3 39. Qc4 Kg6 40. Qe2 Qc6 41. Qd1 Kg7 42. Rc2 Qe8 43. Rcc4 h5 44. Kh4 Kh6 45. Rd8 Qg6 46. Rh8+ Rh7 47. Rcc8 Rad7 48. Rxh7+ Rxh7 49. Kh3 Qg4+ 50. Qxg4 hxg4+ 51. Kg2 Ra7 52. Rc4 Kg6 53. h3 Rb7 54. Rc2 gxh3+ 55. Kxh3 Ra7 56. Ra2 Ra5 57. g4 fxg4+ 58. Kxg4 Kf7 59. Kg5 Kg7 60. Ra1 Kf7 61. Kh6 Ra8 62. a5 Ra6 63. Ra2 Kg8 64. Kg6 Kf8 65. Kf6 Ke8 66. Rd2 Rxa5 67. Kxe6 Ra4 68. f5 Ra6+ 69. Rd6 Ra7 70. f6 Re7+ 71. Kf5 Ra7 72. Rb6 1-0

[Event "Oberliga Sued W 1314"]
[Site "Germany"]
[Date "2014.01.19"]
[Round "5.2"]
[White "Kantans, Toms"]
[Black "Bureik, Matthias"]
[Result "1-0"]
[WhiteElo "2343"]
[BlackElo "2137"]
[PlyCount "63"]
[EventDate "2013.10.13"]
[EventType "team-tourn"]
[EventRounds "9"]
[EventCountry "GER"]
[SourceTitle "EXT 2015"]
[Source "ChessBase"]
[SourceDate "2014.11.20"]
[SourceVersion "1"]
[SourceVersionDate "2014.11.20"]
[SourceQuality "1"]
[WhiteTeam "Schwegenheim"]
[BlackTeam "Schwarzenbach II"]
[WhiteTeamCountry "GER"]
[BlackTeamCountry "GER"]

1. e4 d5 2. exd5 Qxd5 3. Nc3 Qd6 4. d4 Nf6 5. Nf3 g6 6. Bg5 Bg7 7. Qd2 c6 8. h3 Be6 9. 0-0-0 h6 10. Bxf6 exf6 11. d5 cxd5 12. Nxd5 Qxd5 13. Qxd5 Bxd5 14. Rxd5 0-0 15. Bc4 Nc6 16. Rd7 Na5 17. Bd5 Rab8 18. Re1 Nc6 19. Bxc6 bxc6 20. Rxa7 f5 21. c3 Rfe8 22. Rc7 Rxe1+ 23. Nxe1 Be5 24. Rxc6 Bf4+ 25. Kc2 Re8 26. Nd3 Re2+ 27. Kb3 Bh2 28. a4 Rd2 29. Kc4 Bg1 30. a5 Bxf2 31. Nxf2 Rxf2 32. a6 1-0

[Event "Hamburg St Pauli op-A"]
[Site "Hamburg"]
[Date "2013.07.12"]
[Round "7"]
[White "Kuegel, Tobias"]
[Black "Bureik, Matthias"]
[Result "1/2-1/2"]
[WhiteElo "2106"]
[BlackElo "2137"]
[PlyCount "106"]
[EventDate "2013.07.06"]
[EventType "swiss"]
[EventRounds "9"]
[EventCountry "GER"]
[SourceTitle "CBM 155 Extra"]
[Source "ChessBase"]
[SourceDate "2013.08.26"]
[SourceVersion "1"]
[SourceVersionDate "2013.08.26"]
[SourceQuality "1"]

1. e4 d5 2. exd5 Qxd5 3. Nc3 Qd6 4. d4 Nf6 5. Nf3 a6 6. h3 g6 7. Bd3 Bg7 8. Ne4 Nxe4 9. Bxe4 Nd7 10. c3 Nf6 11. Bc2 b5 12. 0-0 Bb7 13. Qe2 0-0 14. Ng5 Rae8 15. Re1 c5 16. dxc5 Qxc5 17. Be3 Qc6 18. Qf3 Qc8 19. Ne4 Nd5 20. Qe2 Nxe3 21. Qxe3 b4 22. Ba4 Rd8 23. Rac1 bxc3 24. Nxc3 Qa8 25. Qg3 Rd2 26. Rc2 Rd4 27. Rd1 e5 28. Bb3 a5 29. Re2 Kh8 30. Bc2 Rfd8 31. Rde1 Rd2 32. Be4 f6 33. Qf3 Bxe4 34. Qxe4 Qxe4 35. Nxe4 Rxe2 36. Rxe2 Rd1+ 37. Kh2 f5 38. Nc3 Rd4 39. f3 Kg8 40. g3 Kf7 41. Kg2 a4 42. Kf2 Rc4 43. Nd1 Rc1 44. Re1 e4 45. fxe4 fxe4 46. Kf1 Ra1 47. a3 Rb1 48. Ne3 Rxb2 49. Nc4 Rb3 50. Rxe4 Bf8 51. Ne5+ Kg7 52. Rxa4 Rxa3 53. Rxa3 Bxa3 1/2-1/2

[Event "Hamburg St Pauli op-A"]
[Site "Hamburg"]
[Date "2013.07.07"]
[Round "2"]
[White "Huschenbeth, Niclas"]
[Black "Bureik, Matthias"]
[Result "1-0"]
[WhiteElo "2542"]
[BlackElo "2137"]
[PlyCount "55"]
[EventDate "2013.07.06"]
[EventType "swiss"]
[EventRounds "9"]
[EventCountry "GER"]
[SourceTitle "CBM 155 Extra"]
[Source "ChessBase"]
[SourceDate "2013.08.26"]
[SourceVersion "1"]
[SourceVersionDate "2013.08.26"]
[SourceQuality "1"]

1. e4 d5 2. exd5 Qxd5 3. Nc3 Qd6 4. d4 Nf6 5. Nf3 a6 6. g3 c6 7. Bf4 Qd8 8. Bg2 Bg4 9. h3 Bxf3 10. Qxf3 e6 11. 0-0-0 Bd6 12. Be5 0-0 13. Kb1 Qe7 14. g4 Nbd7 15. Qg3 Bb8 16. Rhe1 Nd5 17. Nxd5 cxd5 18. Bxb8 Raxb8 19. Bxd5 Qb4 20. Bb3 a5 21. a3 Qb5 22. d5 exd5 23. Rxd5 Nc5 24. Rf5 Rbc8 25. Qd6 b6 26. Bxf7+ Rxf7 27. Rxf7 Kxf7 28. Qd5+ 1-0

[Event "Saarland-ch MA 87th"]
[Site "Voelklingen"]
[Date "2012.04.01"]
[Round "3"]
[White "Tabatt, Hendrik"]
[Black "Bureik, Matthias"]
[Result "1-0"]
[WhiteElo "2281"]
[BlackElo "2162"]
[PlyCount "159"]
[EventDate "2012.03.30"]
[EventType "swiss"]
[EventRounds "7"]
[EventCountry "GER"]
[SourceTitle "EXT 2013"]
[Source "ChessBase"]
[SourceDate "2012.11.22"]
[SourceVersion "1"]
[SourceVersionDate "2012.11.22"]
[SourceQuality "1"]

1. d4 f5 2. c3 g6 3. h4 d6 4. h5 Bg7 5. hxg6 hxg6 6. Rxh8 Bxh8 7. Nh3 Nd7 8. Qb3 Ndf6 9. Nf4 Bg7 10. Nxg6 c6 11. Nd2 Qb6 12. e3 Qxb3 13. axb3 Kf7 14. Nf4 Bh6 15. Nc4 Bxf4 16. exf4 Nd5 17. g3 Ngf6 18. Ne3 a6 19. Bd3 Nxe3 20. Bxe3 Be6 21. Ra5 d5 22. Kf1 Rh8 23. Kg1 Ne4 24. Ra1 Kf6 25. Kg2 Bf7 26. f3 Nd6 27. Bd2 Be6 28. Rc1 b5 29. Ra1 Bc8 30. Be1 Rg8 31. Bf2 Rh8 32. Bf1 Rh7 33. Be2 Rh6 34. Be1 Rh8 35. Rc1 Be6 36. c4 bxc4 37. bxc4 Rb8 38. Bc3 Kf7 39. cxd5 Bxd5 40. Ra1 Nc4 41. b4 Ra8 42. Bd3 Be6 43. Kf2 Nb6 44. Rxa6 Rxa6 45. Bxa6 Nd5 46. Bd2 Ke8 47. g4 fxg4 48. fxg4 Bxg4 49. Bb7 Nc7 50. Bxc6+ Bd7 51. Be4 Bb5 52. Ke3 Kd7 53. d5 Kd6 54. Kd4 Bf1 55. Be1 Nb5+ 56. Ke3 Nc7 57. Bh4 Bh3 58. Kd4 Nb5+ 59. Kd3 Bf1+ 60. Ke3 Nc3 61. f5 Nxe4 62. Kxe4 Bg2+ 63. Kd4 Bh3 64. Bg3+ Kd7 65. Ke5 Bf1 66. Bf2 Bb5 67. Bc5 Bd3 68. Bxe7 Kxe7 69. d6+ Kd7 70. f6 Bc4 71. Kd4 Be6 72. Kc5 Kc8 73. b5 Kd8 74. b6 Kc8 75. Kd4 Bf7 76. Ke5 Bb3 77. Kf5 Bf7 78. Kg5 Be6 79. Kg6 Kd7 80. b7 1-0

[Event "Oberliga Sued W 1112"]
[Site "Germany"]
[Date "2011.11.13"]
[Round "3"]
[White "Bureik, Matthias"]
[Black "Repplinger, Marc"]
[Result "1/2-1/2"]
[WhiteElo "2162"]
[BlackElo "2249"]
[PlyCount "54"]
[EventDate "2011.09.25"]
[EventType "team-tourn"]
[EventRounds "9"]
[EventCountry "GER"]
[SourceTitle "EXT 2013"]
[Source "ChessBase"]
[SourceDate "2012.11.22"]
[SourceVersion "1"]
[SourceVersionDate "2012.11.22"]
[SourceQuality "1"]
[WhiteTeam "Schwarzenbach"]
[BlackTeam "Koblenz"]
[WhiteTeamCountry "GER"]
[BlackTeamCountry "GER"]

1. d4 e6 2. Nf3 f5 3. g3 Nf6 4. Bg2 Be7 5. 0-0 0-0 6. c4 d6 7. Nc3 Qe8 8. Re1 Qg6 9. Qc2 Ne4 10. Nd2 Nxd2 11. Bxd2 e5 12. dxe5 dxe5 13. Nd5 Bd8 14. Bb4 Re8 15. Rad1 c6 16. Ne3 Bc7 17. g4 e4 18. gxf5 Qh6 19. h3 Na6 20. Ba3 Qf4 21. Qd2 Bxf5 22. Nxf5 Qxf5 23. Qd7 Qf6 24. e3 h5 25. Qd2 Qf5 26. Qd7 Qf6 27. Qd2 Qf5 1/2-1/2

[Event "Oberliga Sued W 0910"]
[Site "Germany"]
[Date "2010.04.11"]
[Round "9.2"]
[White "Bureik, Matthias"]
[Black "Hammes, Michael"]
[Result "1/2-1/2"]
[WhiteElo "2177"]
[BlackElo "2387"]
[PlyCount "84"]
[EventDate "2009.10.18"]
[EventType "team-tourn"]
[EventRounds "9"]
[EventCountry "GER"]
[SourceTitle "EXT 2011"]
[Source "ChessBase"]
[SourceDate "2010.11.26"]
[SourceVersion "1"]
[SourceVersionDate "2010.11.26"]
[SourceQuality "1"]
[WhiteTeam "Schwarzenbach"]
[BlackTeam "Koblenz 25"]
[WhiteTeamCountry "GER"]
[BlackTeamCountry "GER"]

1. d4 e6 2. Nf3 Nf6 3. g3 b5 4. Bg2 Bb7 5. Bg5 c5 6. 0-0 Be7 7. dxc5 Bxc5 8. Qd3 a6 9. c4 bxc4 10. Qxc4 Be7 11. Nc3 0-0 12. Rfd1 h6 13. Bf4 Qb6 14. Bc7 Qc6 15. Qxc6 Bxc6 16. Bd6 Bxd6 17. Rxd6 Rc8 18. Rad1 Ne8 19. R6d2 d6 20. Rc1 Nd7 21. Rdc2 Nb6 22. Nb1 Bb7 23. Nd4 Bxg2 24. Rxc8 Rxc8 25. Rxc8 Nxc8 26. Kxg2 Nc7 27. Kf1 Kf8 28. Ke1 d5 29. Kd2 Nd6 30. Kc2 Ke8 31. Nd2 Kd7 32. N2b3 Nb7 33. Kc3 g6 34. e3 e5 35. Nf3 Kd6 36. Kb4 g5 37. Ne1 f5 38. Nd3 e4 39. Ne1 Ne6 40. Nc2 f4 41. gxf4 gxf4 42. Ncd4 Nxd4 1/2-1/2

[Event "Oberliga Sued W 0910"]
[Site "Germany"]
[Date "2010.03.21"]
[Round "8.3"]
[White "Bureik, Matthias"]
[Black "Hoegerl, Gerd"]
[Result "0-1"]
[WhiteElo "2177"]
[BlackElo "2214"]
[PlyCount "78"]
[EventDate "2009.10.18"]
[EventType "team-tourn"]
[EventRounds "9"]
[EventCountry "GER"]
[SourceTitle "EXT 2011"]
[Source "ChessBase"]
[SourceDate "2010.11.26"]
[SourceVersion "1"]
[SourceVersionDate "2010.11.26"]
[SourceQuality "1"]
[WhiteTeam "Schwarzenbach"]
[BlackTeam "Mutterstadt"]
[WhiteTeamCountry "GER"]
[BlackTeamCountry "GER"]

1. d4 Nf6 2. Nf3 g6 3. g3 Bg7 4. Bg2 0-0 5. 0-0 d6 6. c4 Nbd7 7. Nc3 c6 8. e4 e5 9. d5 cxd5 10. cxd5 Nc5 11. Bg5 a5 12. Re1 Bd7 13. Qe2 Rb8 14. Qe3 h6 15. Bxf6 Qxf6 16. Rac1 b5 17. Nb1 Rfc8 18. Nbd2 Qd8 19. Bf1 h5 20. Kg2 Qf8 21. Qa3 Ra8 22. b4 axb4 23. Qxb4 Rxa2 24. Bxb5 Bxb5 25. Qxb5 Bh6 26. Rcd1 Rb8 27. Qf1 Rbb2 28. Nc4 Rc2 29. Ng1 Qb8 30. Nh3 g5 31. Ne3 g4 32. Nxc2 gxh3+ 33. Kxh3 Rxc2 34. Re2 Qb2 35. Rb1 Qa2 36. Rxc2 Qxc2 37. f3 Nd3 38. Rb8+ Kg7 39. Kh4 Qd2 0-1

[Event "Oberliga Sued W 0910"]
[Site "Germany"]
[Date "2009.10.18"]
[Round "1.3"]
[White "Raphael, Juergen"]
[Black "Bureik, Matthias"]
[Result "1-0"]
[WhiteElo "1906"]
[BlackElo "2177"]
[PlyCount "83"]
[EventDate "2009.10.18"]
[EventType "team-tourn"]
[EventRounds "9"]
[EventCountry "GER"]
[SourceTitle "EXT 2011"]
[Source "ChessBase"]
[SourceDate "2010.11.26"]
[SourceVersion "1"]
[SourceVersionDate "2010.11.26"]
[SourceQuality "1"]
[WhiteTeam "Wadgassen/Differten"]
[BlackTeam "Schwarzenbach"]
[WhiteTeamCountry "GER"]
[BlackTeamCountry "GER"]

1. c3 f5 2. d4 Nf6 3. Bg5 e6 4. e4 fxe4 5. f3 exf3 6. Nxf3 d6 7. Bd3 Nc6 8. 0-0 Qe7 9. Nbd2 Bd7 10. b4 Nd8 11. Ne5 Nf7 12. Nxf7 Qxf7 13. Qc2 0-0-0 14. a4 Be7 15. b5 Qh5 16. Bxf6 gxf6 17. a5 Bxb5 18. Bxb5 Qxb5 19. Rfb1 Qc6 20. Qb3 d5 21. Ra2 Rhg8 22. Rab2 b6 23. axb6 axb6 24. Qc2 Rg7 25. Qd3 Rdg8 26. Nf3 Bd6 27. Ra1 Kd7 28. Re2 Qc4 29. Qc2 Re7 30. Ra4 Qc6 31. Ra1 b5 32. Rae1 b4 33. Re3 Rgg7 34. Qb3 bxc3 35. Rxc3 Qb6 36. Qa4+ c6 37. Rb3 Qc7 38. Reb1 Ke8 39. Qa8+ Kf7 40. Rb7 Bxh2+ 41. Nxh2 Qg3 42. Rxe7+ 1-0

[Event "Oberliga Sued W 0809"]
[Site "Germany"]
[Date "2009.01.18"]
[Round "5.5"]
[White "Bureik, Matthias"]
[Black "Wolf, Ulrich1111"]
[Result "1-0"]
[WhiteElo "2184"]
[BlackElo "2117"]
[PlyCount "63"]
[EventDate "2008.10.05"]
[EventType "team-tourn"]
[EventRounds "11"]
[EventCountry "GER"]
[SourceTitle "EXT 2012"]
[Source "ChessBase"]
[SourceDate "2011.11.24"]
[SourceVersion "1"]
[SourceVersionDate "2011.11.24"]
[SourceQuality "1"]
[WhiteTeam "Saarbruecken SVG"]
[BlackTeam "Schwarzenbach"]
[WhiteTeamCountry "GER"]
[BlackTeamCountry "GER"]

1. d4 Nf6 2. c4 c5 3. d5 b5 4. Nf3 g6 5. e4 Nxe4 6. Qe2 Nf6 7. Bg5 Qb6 8. Nc3 Bg7 9. Nxb5 0-0 10. Qc2 e5 11. Be2 d6 12. 0-0 Bd7 13. Nc3 Na6 14. a3 Rab8 15. Rab1 Qb3 16. Qxb3 Rxb3 17. Nb5 Bf5 18. Rbe1 Ne4 19. Bc1 Rd8 20. Bd1 Rd3 21. Nh4 Nd2 22. Nxf5 Nxf1 23. Be2 Rb3 24. Nxg7 Nd2 25. Bxd2 Rxb2 26. Bc3 Rb3 27. f4 Nc7 28. Ba5 Kxg7 29. Bxc7 Rd7 30. Ba5 a6 31. Bd1 Rd3 32. Bc2 1-0

[Event "Oberliga Sued W 0809"]
[Site "Germany"]
[Date "2008.10.26"]
[Round "2.6"]
[White "Bureik, Matthias"]
[Black "Gypser, Andreas"]
[Result "0-1"]
[WhiteElo "2184"]
[BlackElo "2223"]
[PlyCount "60"]
[EventDate "2008.10.05"]
[EventType "team-tourn"]
[EventRounds "11"]
[EventCountry "GER"]
[SourceTitle "EXT 2012"]
[Source "ChessBase"]
[SourceDate "2011.11.24"]
[SourceVersion "1"]
[SourceVersionDate "2011.11.24"]
[SourceQuality "1"]
[WhiteTeam "Saarbruecken SVG"]
[BlackTeam "Ludwigshafen"]
[WhiteTeamCountry "GER"]
[BlackTeamCountry "GER"]

1. d4 d5 2. c4 e6 3. Nc3 Nf6 4. cxd5 exd5 5. Bg5 Be7 6. e3 0-0 7. Bd3 Nbd7 8. Nge2 Re8 9. Qc2 Nf8 10. 0-0-0 Be6 11. Nf4 Rc8 12. Kb1 c5 13. Nxe6 fxe6 14. dxc5 Rxc5 15. Qb3 Ng4 16. Bxe7 Qxe7 17. Rhf1 Nxh2 18. Rh1 Ng4 19. Qc2 h6 20. Qe2 Ne5 21. Bc2 Rec8 22. Bb3 Nc4 23. Qg4 Qf6 24. Qe2 b5 25. g4 Na3+ 26. Ka1 b4 27. g5 hxg5 28. Nxd5 exd5 29. Bxd5+ Rxd5 30. Rxd5 Rc2 0-1

[Event "Oberliga Sued W 0708"]
[Site "Germany"]
[Date "2008.03.09"]
[Round "7.5"]
[White "Neurohr, Juergen"]
[Black "Bureik, Matthias"]
[Result "0-1"]
[WhiteElo "2122"]
[BlackElo "2159"]
[PlyCount "78"]
[EventDate "2007.10.21"]
[EventType "team-tourn"]
[EventRounds "9"]
[EventCountry "GER"]
[SourceTitle "EXT 2009"]
[Source "ChessBase"]
[SourceDate "2008.11.26"]
[SourceVersion "1"]
[SourceVersionDate "2008.11.26"]
[SourceQuality "1"]
[WhiteTeam "Mainz"]
[BlackTeam "Saarbruecken SVG"]
[WhiteTeamCountry "GER"]
[BlackTeamCountry "GER"]

1. d4 f5 2. Nc3 g6 3. h4 h6 4. e4 fxe4 5. Nxe4 d5 6. Ng3 Be6 7. Bd3 Bf7 8. Nf3 Nc6 9. Bf4 Bg7 10. c3 e6 11. Qe2 Qe7 12. Bb5 a6 13. Bxc6+ bxc6 14. Ne5 Bxe5 15. Qxe5 Rh7 16. Qxc7 Qxc7 17. Bxc7 Kd7 18. Be5 Ne7 19. Ne2 Be8 20. Nc1 Nc8 21. Nd3 Nb6 22. b3 Ke7 23. Ke2 Nd7 24. Bf4 Rc8 25. b4 Ra8 26. a4 Nb6 27. a5 Nc4 28. Rae1 Bd7 29. Kd1 Rf8 30. Re2 Bc8 31. Rhe1 Kf6 32. Be5+ Kf7 33. Nc5 Re8 34. Rh1 Rg8 35. Rh3 Ke7 36. Kc2 Rf7 37. Nd3 Rgf8 38. Rg3 Rg8 39. h5 g5 0-1

[Event "Oberliga Sued W 0708"]
[Site "Germany"]
[Date "2008.02.10"]
[Round "6.5"]
[White "Bureik, Matthias"]
[Black "Adocchio, Giampiero"]
[Result "1/2-1/2"]
[WhiteElo "2159"]
[BlackElo "2177"]
[PlyCount "127"]
[EventDate "2007.10.21"]
[EventType "team-tourn"]
[EventRounds "9"]
[EventCountry "GER"]
[SourceTitle "EXT 2009"]
[Source "ChessBase"]
[SourceDate "2008.11.26"]
[SourceVersion "1"]
[SourceVersionDate "2008.11.26"]
[SourceQuality "1"]
[WhiteTeam "Saarbruecken SVG"]
[BlackTeam "Frankenthal"]
[WhiteTeamCountry "GER"]
[BlackTeamCountry "GER"]

1. d4 Nf6 2. c4 c5 3. d5 e5 4. Nc3 d6 5. e4 Nbd7 6. Be2 Be7 7. Nf3 Nf8 8. Rb1 Ng6 9. b4 b6 10. bxc5 bxc5 11. 0-0 0-0 12. Re1 Ne8 13. Bd3 Bf6 14. Re2 Bg4 15. Reb2 Nh4 16. Be2 Bxf3 17. Bxf3 Bg5 18. Bxg5 Qxg5 19. g3 f5 20. exf5 Nxf5 21. Ne4 Qh6 22. Rb7 Nf6 23. Nxf6+ Qxf6 24. Be4 Nd4 25. Qh5 h6 26. R1b2 a5 27. Kg2 a4 28. f3 a3 29. R2b6 Rf7 30. Bh7+ Kf8 31. Rb8+ Rxb8 32. Rxb8+ Ke7 33. Rb7+ Kf8 34. Rb8+ Ke7 35. Be4 g6 36. Rb7+ Kd8 37. Rxf7 Qxf7 38. Bxg6 Qb7 39. Qxh6 Qb2+ 40. Kh3 Qxa2 41. Qf8+ Kc7 42. Qe7+ Kc8 43. Be8 Qxc4 44. Bd7+ Kb8 45. Qxd6+ Ka7 46. Bc8 Qf1+ 47. Kh4 Qb5 48. Qc7+ Ka8 49. Bd7 Qb4 50. Kh5 a2 51. Bc6+ Nxc6 52. Qxc6+ Ka7 53. Qc7+ Ka6 54. Qc6+ Qb6 55. Qa4+ Qa5 56. Qc6+ Ka7 57. Qd7+ Kb8 58. Qe8+ Kb7 59. Qc6+ Kb8 60. Qe8+ Kc7 61. Qc6+ Kd8 62. Qd6+ Kc8 63. Qc6+ Kb8 64. Qe8+ 1/2-1/2

[Event "Saarland-ch MA"]
[Site "Heusweiler"]
[Date "2007.04.05"]
[Round "7"]
[White "Bureik, Matthias"]
[Black "Spengler, Hanno"]
[Result "0-1"]
[WhiteElo "2184"]
[BlackElo "2076"]
[PlyCount "106"]
[EventDate "2007.03.30"]
[EventType "swiss"]
[EventRounds "9"]
[EventCountry "GER"]
[SourceTitle "EXT 2008"]
[Source "ChessBase"]
[SourceDate "2007.11.25"]
[SourceVersion "1"]
[SourceVersionDate "2007.11.25"]
[SourceQuality "1"]

1. d4 d5 2. c4 c6 3. Nf3 e6 4. e3 Nf6 5. Nbd2 Bd6 6. b3 Ne4 7. Bd3 f5 8. Bb2 0-0 9. 0-0 Nd7 10. Qc1 Qf6 11. Rd1 g5 12. Ba3 Bxa3 13. Qxa3 g4 14. Ne5 Nxe5 15. dxe5 Qxe5 16. Bxe4 fxe4 17. Qe7 Qf6 18. Qxf6 Rxf6 19. Rac1 b6 20. Nf1 Bb7 21. Ng3 Rff8 22. Kf1 Rad8 23. Ke1 Kf7 24. cxd5 exd5 25. b4 Ke6 26. Ne2 Rc8 27. Rc3 Ke5 28. Rdc1 Rf6 29. Nf4 Rd6 30. Ra3 a6 31. Rb3 Rcd8 32. a4 d4 33. Kd2 Bc8 34. a5 Be6 35. Rb2 Rb8 36. axb6 Rxb6 37. Rc5+ Bd5 38. Ne2 dxe3+ 39. Kxe3 Rb5 40. Rxb5 cxb5 41. Nf4 Bc4 42. Rb1 Rf6 43. g3 Rc6 44. Ra1 Bb3 45. Ne2 Ba4 46. Rb1 Rc2 47. h3 gxh3 48. Rh1 Rb2 49. Rxh3 Rb3+ 50. Kd2 Rd3+ 51. Kc1 Rd1+ 52. Kb2 Rd2+ 53. Kc3 Rc2# 0-1

[Event "Saarland-ch MA"]
[Site "Heusweiler"]
[Date "2007.04.04"]
[Round "6"]
[White "Dietzen, Corinna"]
[Black "Bureik, Matthias"]
[Result "0-1"]
[WhiteElo "1980"]
[BlackElo "2184"]
[PlyCount "68"]
[EventDate "2007.03.30"]
[EventType "swiss"]
[EventRounds "9"]
[EventCountry "GER"]
[SourceTitle "EXT 2008"]
[Source "ChessBase"]
[SourceDate "2007.11.25"]
[SourceVersion "1"]
[SourceVersionDate "2007.11.25"]
[SourceQuality "1"]

1. c4 f5 2. Nc3 Nf6 3. g3 g6 4. Bg2 Bg7 5. d3 d6 6. e4 c6 7. Nge2 e5 8. 0-0 0-0 9. Rb1 a5 10. a3 Nbd7 11. b4 axb4 12. axb4 f4 13. gxf4 Nh5 14. f5 Qh4 15. Qd2 Ndf6 16. Qg5 Qxg5 17. Bxg5 gxf5 18. b5 f4 19. f3 Be6 20. bxc6 bxc6 21. Rb6 Rfc8 22. Rfb1 Nd7 23. R6b2 Nc5 24. Nc1 Ra3 25. Rc2 Bf6 26. Bxf6 Nxf6 27. Bf1 Kf7 28. Kf2 Nfd7 29. Ke2 Rg8 30. Kf2 Kf6 31. N1a2 Nb3 32. Ne2 Nbc5 33. Nac1 Rg5 34. Nb3 Nxd3# 0-1

[Event "Saarland-ch MA"]
[Site "Heusweiler"]
[Date "2007.04.02"]
[Round "4"]
[White "Busche, Stefan"]
[Black "Bureik, Matthias"]
[Result "0-1"]
[WhiteElo "2086"]
[BlackElo "2184"]
[PlyCount "78"]
[EventDate "2007.03.30"]
[EventType "swiss"]
[EventRounds "9"]
[EventCountry "GER"]
[SourceTitle "EXT 2008"]
[Source "ChessBase"]
[SourceDate "2007.11.25"]
[SourceVersion "1"]
[SourceVersionDate "2007.11.25"]
[SourceQuality "1"]

1. e4 c5 2. Nf3 d6 3. d4 cxd4 4. Nxd4 Nf6 5. Nc3 g6 6. Be3 Bg7 7. f3 Nc6 8. Qd2 Bd7 9. 0-0-0 Rc8 10. g4 Ne5 11. g5 Nh5 12. f4 Nc4 13. Bxc4 Rxc4 14. Qd3 Qc8 15. f5 Be5 16. Nd5 e6 17. Nc3 a6 18. Nce2 exf5 19. exf5 0-0 20. Rhf1 b5 21. Kb1 a5 22. b3 Rc7 23. Rc1 a4 24. Nxb5 axb3 25. cxb3 Bxf5 26. Rxf5 Rxc1+ 27. Bxc1 Qxf5 28. Qxf5 gxf5 29. Nbd4 Bxd4 30. Nxd4 f4 31. a4 Rc8 32. a5 Kf8 33. Ba3 Ke7 34. Nf5+ Kd7 35. Nxd6 f3 36. Ne4 Re8 37. Nc5+ Kc6 38. Nd3 Re2 39. Bc5 Nf4 0-1

[Event "Saarland-ch MA"]
[Site "Heusweiler"]
[Date "2007.04.01"]
[Round "3"]
[White "Bureik, Matthias"]
[Black "Becker, Thomas"]
[Result "1/2-1/2"]
[WhiteElo "2184"]
[BlackElo "2046"]
[PlyCount "49"]
[EventDate "2007.03.30"]
[EventType "swiss"]
[EventRounds "9"]
[EventCountry "GER"]
[SourceTitle "EXT 2008"]
[Source "ChessBase"]
[SourceDate "2007.11.25"]
[SourceVersion "1"]
[SourceVersionDate "2007.11.25"]
[SourceQuality "1"]

1. d4 Nf6 2. Nf3 c5 3. c3 g6 4. g3 Bg7 5. Bg2 0-0 6. 0-0 Qb6 7. Nbd2 d5 8. dxc5 Qxc5 9. Nb3 Qb6 10. Bg5 Nbd7 11. Re1 h6 12. Bf4 Ng4 13. Rf1 e5 14. Bc1 e4 15. Nfd4 Nde5 16. h3 Nf6 17. Be3 Nc4 18. Nc2 Nxe3 19. Nxe3 Be6 20. Qd4 Qa6 21. Qd2 b6 22. Nd4 Bd7 23. Nb3 Bc6 24. Nd4 Bd7 25. Nb3 1/2-1/2

[Event "Saarland-ch MA"]
[Site "Heusweiler"]
[Date "2007.03.31"]
[Round "2"]
[White "Tabatt, Hendrik"]
[Black "Bureik, Matthias"]
[Result "1/2-1/2"]
[WhiteElo "2228"]
[BlackElo "2184"]
[PlyCount "100"]
[EventDate "2007.03.30"]
[EventType "swiss"]
[EventRounds "9"]
[EventCountry "GER"]
[SourceTitle "EXT 2008"]
[Source "ChessBase"]
[SourceDate "2007.11.25"]
[SourceVersion "1"]
[SourceVersionDate "2007.11.25"]
[SourceQuality "1"]

1. Nf3 f5 2. d3 g6 3. e4 d6 4. exf5 Bxf5 5. d4 Bg7 6. Bd3 Nf6 7. Bxf5 gxf5 8. 0-0 Nc6 9. d5 Ne5 10. Nd4 Qd7 11. Ne6 Rg8 12. Bg5 Nf7 13. Bh4 Bh8 14. Nc3 c6 15. Re1 Rg4 16. Bxf6 Bxf6 17. h3 Rh4 18. Qf3 f4 19. g3 Rh6 20. Qxf4 Rg6 21. Qf5 Bxc3 22. bxc3 cxd5 23. Qxd5 Rc8 24. Re3 Ne5 25. Nf4 Rg7 26. Rd1 Rc5 27. Qxc5 dxc5 28. Rxd7 Nxd7 29. Kg2 Nb6 30. Ne6 Rg6 31. Nxc5 Nd5 32. Re5 Nxc3 33. Ne6 Nxa2 34. f4 Nb4 35. f5 Rg8 36. Re4 Nc6 37. Kf3 Kf7 38. Rh4 Rh8 39. Ke4 a5 40. Ng5+ Kg7 41. Ne6+ Kf7 42. Nc5 b5 43. Ne6 a4 44. Ng5+ Kg7 45. Ne6+ Kf7 46. Rh6 Rc8 47. Rxh7+ Kg8 48. Rg7+ Kh8 49. Rg6 a3 50. Rh6+ Kg8 1/2-1/2

[Event "Oberliga Sued W 0607"]
[Site "Germany"]
[Date "2007.02.25"]
[Round "7.6"]
[White "Bureik, Matthias"]
[Black "Manner, Robert"]
[Result "1-0"]
[WhiteElo "2184"]
[BlackElo "2083"]
[PlyCount "95"]
[EventDate "2006.10.15"]
[EventType "team-tourn"]
[EventRounds "9"]
[EventCountry "GER"]
[SourceTitle "EXT 2009"]
[Source "ChessBase"]
[SourceDate "2008.11.26"]
[SourceVersion "1"]
[SourceVersionDate "2008.11.26"]
[SourceQuality "1"]
[WhiteTeam "Saarbruecken"]
[BlackTeam "Mutterstadt"]
[WhiteTeamCountry "GER"]
[BlackTeamCountry "GER"]

1. d4 d5 2. Nf3 f5 3. g3 Nf6 4. Bg2 e6 5. 0-0 Bd6 6. b3 Nbd7 7. c4 c6 8. Ba3 Bxa3 9. Nxa3 0-0 10. Qc2 Ne4 11. Nb1 Qe8 12. Nbd2 Qh5 13. e3 g5 14. Ne1 g4 15. Nd3 Qg5 16. Nf4 Ndf6 17. Rac1 Rf7 18. Nxe4 fxe4 19. Qd2 h5 20. Qb4 Ne8 21. Qc5 Qh6 22. Qa5 Bd7 23. b4 b6 24. Qa3 Nd6 25. c5 bxc5 26. bxc5 Nf5 27. Rb1 h4 28. Rb7 hxg3 29. hxg3 Kg7 30. Rfb1 e5 31. dxe5 Re8 32. Qxa7 Ree7 33. e6 Bxe6 34. Rxe7 Rxe7 35. Rb7 Kf6 36. Rxe7 Nxe7 37. Qb8 Kf7 38. Qd6 Qf6 39. Bf1 Bc8 40. Qc7 Qa1 41. Ne2 Ba6 42. Qf4+ Ke8 43. Qxg4 Qxa2 44. Qh5+ Kd8 45. Qh8+ Kc7 46. Qg7 Bxe2 47. Qxe7+ Kb8 48. Qd8+ 1-0